Greta Van Fleet Charting Songs (Billboard Hot Rock) - Statistics

General Stats
  • This quiz has been taken 23 times
    13 since last reset
  • The average score is 5 of 12
Answer Stats
Album Weeks On Peak Artist(s) Song % Correct
Black Smoke Rising EP and From the Fires 23 Weeks #21 Greta Van Fleet Highway Tune
89%
Black Smoke Rising EP and From the Fires 20 Weeks #25 Greta Van Fleet Safari Song
89%
The Battle at Garden's Gate 19 Weeks #25 Greta Van Fleet Heat Above
56%
Starcatcher 1 Week #33 Greta Van Fleet Meeting the Master
56%
Anthem of a Peaceful Army 20 Weeks #9 Greta Van Fleet When the Curtain Falls
56%
Anthem of a Peaceful Army 20 Weeks #12 Greta Van Fleet You're the One
44%
A Million Little Pieces 1 Week #31 Greta Van Fleet Always There
33%
From the Fires 1 Week #38 Greta Van Fleet Edge of Darkness
33%
The Battle at Garden's Gate 6 Weeks #30 Greta Van Fleet Light My Love
33%
Anthem of a Peaceful Army 10 Weeks #32 Greta Van Fleet Lover, Leaver
22%
The Battle at Garden's Gate 1 Week #45 Greta Van Fleet My Way, Soon
11%
Anthem of a Peaceful Army 2 Weeks #41 Greta Van Fleet Watching Over
11%
No matching quizzes found
Score Distribution
Percent of People with Each Score
Percentile by Number Answered
Your Score History
You have not taken this quiz since the last reset